1299 1067 1432 1050 1567 1725 1688 1092 1229 1146 1993 1214 1816 1179 1374 1330 1775 1292 1939 1660 1228 1750 1956 1937 1715 1109 1091 1198 1610 1074 1626 1658 1801 1607 1293 1245 1650 1436 1837 1790 1455 1259 1224 1454 1835 1819 1933 1862 1427 1473 1735 1241 1713 1991 1050 1100 1679 1052 1817 1737 1034 1112 1031 1700 1443 1178 1891 1564 1097 1152 1334 1653 1611 1917 1211 1079 1208 1212 1167 1698 1084 1789 1296 1578 1907 1541 1983 1254 1900 1021 1823 1357 1293 1270 1481 1070 1846 1540 1211 BCNSPRNW ULIB Ver.6.0+V

เปลี่ยนเป็นภาษาไทย

Change to English
 แสดงรายละเอียดบรรณานุกรม
  กลับหน้าหลัก

Brief Record : Get Marc (ISO 2709) : E-mail record : QR code < ปิดหน้าต่าง
LEADER : 00000nam 2200000uu 4500
001    13399113353
003     ULIB
008    111108s2553||||th 000 0 tha d
020    9786165110327
060 04 QY400^bช518ต
100 0  ชาติชาย คล้ายสุวรรณ
245 10 ตรวจเลือดพิชิตโรค/^cชาติชาย คล้ายสุวรรณ
250    พิมพ์ครั้งที่ 1
260    กรุงเทพฯ :^bดวงกมลพับลิชชิ่ง,^c2553
300    136 หน้า
650  7 โรคเลืด
650  7 วิธีการตรวจเลือด
650  7 เลือด^xการตรวจ
945    ^p115^l0^i16860
945    ^p115^l0^i16861
995    กัณชพร
999    ^aใช้งานได้ทุกระบบ
รายการนี้ยังไม่มีแท็ก
คุณยังไม่ได้ล็อกอิน คุณสามารถมีกิจกรรมร่วมกับเว็บไซต์ได้ แต่ต้องล็อกอินก่อน ::
  ล็อกอิน

รายการสื่อสารสนเทศ

ลำดับที่ ประเภท เลขเรียก/บาร์โค้ด สถานที่ สถานะ
- ไม่พบข้อมูล -

รายการใกล้เคียง
    ผู้แต่ง [ชาติชาย คล้ายสุวรรณ]

    หัวเรื่อง [โรคเลืด]
    หัวเรื่อง [วิธีการตรวจเลือด]

BibComment


ยังไม่เคยถูกคอมเมนท์

คอมเมนท์ทรัพยากรรายการนี้
  คอมเมนท์: ตรวจเลือดพิชิตโรค..


 Copyright 2026. Bcnsprnw @Library